| 000 | 00447cam a2200181ua 4500 | ||
|---|---|---|---|
| 020 | _c32.00 | ||
| 041 |
_amal _h |
||
| 082 |
_a589.3 _bMAN/AL |
||
| 100 | _aManilal, Kothari . | ||
| 245 |
_aAlgakal / _cManilal Kothari. _hTextual Documents |
||
| 250 |
_a1 / _b. |
||
| 260 |
_aThiruvananthapuram : _bState Instititute of Languages , _c1980. |
||
| 300 | _a501 ; . | ||
| 365 | _a32.00 | ||
| 504 | _a | ||
| 942 | _cBK | ||
| 999 |
_c6062 _d6062 |
||